| 000 | 00854aam a2200325 4500 | ||
|---|---|---|---|
| 000 | |||
| 005 | 20250721173454.0 | ||
| 008 | 150624b xxu||||| |||| 00| 0 spa d | ||
| 041 | _aspa | ||
| 082 | _a005.3 D352m | ||
| 100 |
_aDelgado, Jose María _925490 |
||
| 245 | _aManual avanzado de Windows 8 | ||
| 260 |
_aEspaña _bAnaya _c2012 |
||
| 300 | _a439 páginas | ||
| 650 | _aPROGRAMAS PARA COMPUTADOR | ||
| 650 | _aWINDOWS 8 | ||
| 650 | _aINTERFAZ | ||
| 650 | _aHARDWARE BÁSICO | ||
| 650 | _aTIPO BUSES | ||
| 650 | _aRECUPERAR SISTEMA | ||
| 650 | _aSEGURIDAD INFORMÁTICA | ||
| 650 | _aADMINISTRADOR DE TAREAS | ||
| 650 | _aUTILIDADES AVANZADAS | ||
| 650 | _aCONFIGURACIÓN | ||
| 650 | _aHERRAMIENTAS ADMINISTRATIVAS | ||
| 650 | _aREGISTRO DE WINDOWS | ||
| 650 | _aGESTIÓN DE USUARIOS | ||
| 650 | _aSKY DRIVE | ||
| 942 |
_cBK _2ddc |
||
| 999 |
_c3020 _d3020 |
||